Formovanie finančného trhu ČSFR.

Nutnosť vytvoriť vecné a systémové predpoklady prechodu na trhovú orientáciu ekonomiky. Problémy tvorby finančného trhu a trhu cenných papierov zvlášť.

Enregistré dans:
Détails bibliographiques
Auteur principal: Sásik, M.
Format: Chapitre de livre
Langue:slovaque
Sujets:
Tags: Ajouter un tag
Pas de tags, Soyez le premier à ajouter un tag!

MARC

LEADER 00000naa a2200000 4500
001 r006499
005 20221125081143.7
041 0 |a slo 
044 |a [CS] 
245 1 0 |a Formovanie finančného trhu ČSFR.  |c M. Sásik 
520 |a Nutnosť vytvoriť vecné a systémové predpoklady prechodu na trhovú orientáciu ekonomiky. Problémy tvorby finančného trhu a trhu cenných papierov zvlášť. 
610 2 0 |a burzy 
610 2 0 |a trh finančný 
610 2 0 |a papiere cenné 
610 2 0 |a ČSFR 
100 1 |a Sásik, M.